000 00556nam a22001697a 4500
003 OSt
005 20251117091952.0
008 251117b |||||||| |||| 00| 0 eng d
020 _a0393019845
040 _cW. W . NORTON &COMPANY
050 _aDG 808 .H52 1985
_b.H52 1985
245 _aROME:
_bTHE BIOGRAPHY OF A CITY/
_cHIBBERT,CHRISTOPHER
250 _a1ST EDITION
260 _aNEW YORK,LONDON:
_bW. W . NORTON &COMPANY,
_c1985
300 _a386 pages,
_bhardcover, ill.: som col, includes bibliography references and index,
_c25.4 cm
942 _2lcc
_cBK
_n0
999 _c9817
_d9817